| 000 | 01089nam a2200229Ia 4500 | ||
|---|---|---|---|
| 003 | Ost | ||
| 005 | 20260507075558.0 | ||
| 008 | 260507s9999||||xx |||||||||||||| ||und|| | ||
| 020 | _a9773459799 | ||
| 040 | _cfsecg | ||
| 041 | _aara | ||
| 082 | _a300 | ||
| 100 |
_aكويل، برايان _eمؤلف |
||
| 245 | 0 |
_aالتحكم في تدفق الاموال / _c برايان كويل |
|
| 260 |
_aالقاهرة: _bدار الفاروق للنشر والتوزيع, _c2005 |
||
| 300 |
_a127 صفحة؛ _bإيضاحات ؛ _c24 سم |
||
| 490 | _aبنكوت | ||
| 520 | _aمقدمة الى التحكم في التدفق النقدي اضافة الى تنظيم التحكم في التدفق النقدي و كذا دورة التدفق النقدي, ادارة السيولة و دورة التدفق النقدي, تقليل زمن دورة النقد, تقارير التحكمو الاداء, بيان التدفق النقدي و في الاخير مراجعة ادارة النقد. | ||
| 653 | _aالاموال | ||
| 653 | _aالتدفق النقدي | ||
| 942 | _cكتاب | ||
| 999 |
_c44988 _d44988 |
||